Modelo de hábitat y distribución de la alondra (Eremophila alpestris peregrina) en el antiplano Cundiboyacense, Colombia (Registro nro. 12947)

Detalles MARC
000 -CABECERA
Campo de control 007760000a22002170004500
090 ## - CLASIFICACIÓN LOCAL
Colección AR
Consecutivo 03912
041 0# - IDIOMA
Código de idioma para texto/pista de sonido o título separado
100 1# - ASIENTO PRINCIPAL--NOMBRE PERSONAL
Nombre personal Valencia, Iván Darío
245 10 - MENCION DE TITULO
Título Modelo de hábitat y distribución de la alondra (Eremophila alpestris peregrina) en el antiplano Cundiboyacense, Colombia
500 ## - NOTA GENERAL
Nota general <Contribución Humboldt>
650 14 - ASIENTO SECUNDARIO DE MATERIA - TERMINO TEMATICO
Término temático o nombre geográfico como elemento de entrada Aves
650 14 - ASIENTO SECUNDARIO DE MATERIA - TERMINO TEMATICO
Término temático o nombre geográfico como elemento de entrada Endemismo
650 14 - ASIENTO SECUNDARIO DE MATERIA - TERMINO TEMATICO
Término temático o nombre geográfico como elemento de entrada Sistemas de información geográfica
650 14 - ASIENTO SECUNDARIO DE MATERIA - TERMINO TEMATICO
Término temático o nombre geográfico como elemento de entrada Modelos de hábitat
650 14 - ASIENTO SECUNDARIO DE MATERIA - TERMINO TEMATICO
Término temático o nombre geográfico como elemento de entrada Especies en peligro
651 #4 - ASIENTO SECUNDARIO DE MATERIA - NOMBRE GEOGRAFICO
-- Altiplano cundiboyacense
-- Colombia
653 ## - TERMINO DE INDIZACION - NO CONTROLADO
-- Eremophila
-- Eremophila alpestris
-- alondra
700 1# - ASIENTO SECUNDARIO - NOMBRE PERSONAL
Nombre personal Armenteras, Dolors
773 1# - Item fuente:
Título Ornitología Colombiana
Descripción física 2
Paginas del Articulo 25-36
Lugar, editorial y fecha de publicación 2004
942 ## - ELEMENTOS ADICIONALES (KOHA)
Tipo de ítem Artículo
Existencias
Withdrawn status Lost status Damaged status No para préstamo Colección Ubicación Permanente Ubicación actual Fecha de adquisición Datos de publicación Seriada Total Checkouts Número topográfico Inventario / Código de Barras Date last seen Price effective from Forma de adquisición Tipo de material
      No para Préstamo Hemeroteca Bogotá Bogotá 27/02/2015 Fuera de circulación   AR 03912 017463 25/03/2015 25/03/2015   Artículo
      No para Préstamo Hemeroteca Bogotá Bogotá 27/02/2015 Fuera de circulación   AR 03912 017516 25/03/2015 25/03/2015   Artículo